000
00334nam a22001577a 4500
003
SGT
020
_a
978-1-78627-576-9
082
_a
746.92
_b
ANT
100
_a
ANTOINE, DENIS
245
_a
FASHION DESIGN
250
_a
2ND
260
_a
U.K.
_b
LAURNCE KINGH
_c
2020
300
_a
224
650
_a
FASHION DESIGN
942
_2
ddc
_c
BK
999
_c
25817
_d
25817